U.S.A. Sports Teams - Statistics

General Stats
  • This quiz has been taken 154 times
  • The average score is 15 of 20
Answer Stats
Picture Answer % Correct
New England Patriots
98%
New York Giants
91%
Buffalo Bills
90%
Los Angeles Clippers
90%
Tennessee Titans
86%
Houston Texans
84%
Chicago Cubs
83%
New York Yankees
83%
Detroit Pistons
81%
Toronto Blue Jays
81%
Los Angeles Dodgers
79%
New York Rangers
76%
Washington Wizards
73%
Philadelphia 76ers
71%
Texas Rangers
66%
Washington Nationals
66%
Minnesota Twins
65%
Washington Capitals
64%
Philadelphia Phillies
54%
Columbus Blue Jackets
45%
No matching quizzes found
Score Distribution
Percent of People with Each Score
Percentile by Number Answered
Your Score History
You have not taken this quiz